00397nam a2200169Ia 4500003000400000005001700004008004100021040000700062041000800069082002100077100002000098245003700118250000600155260004200161300001100203365001300214OSt20230331093429.0210423s2003 xx 000 0 und d cAL aeng a658.409 MCGE223 aMCGRATH (Mike). aBasic managerial skills for all. a6 aNew DelhibPHI Learning Pvt Ltdc2003 axx,723 b295cINR